December boys (Record no. 85397)

MARC details
000 -LEADER
fixed length control field 00646 a2200229 4500
003 - CONTROL NUMBER IDENTIFIER
control field CBULib
005 - DATE AND TIME OF LATEST TRANSACTION
control field 20250113150915.0
008 - FIXED-LENGTH DATA ELEMENTS--GENERAL INFORMATION
fixed length control field 241211b |||||||| |||| 00| 0 eng d
020 ## - INTERNATIONAL STANDARD BOOK NUMBER
International Standard Book Number 9781608091713
040 ## - CATALOGING SOURCE
Language of cataloging English
Transcribing agency CBULib
Description conventions rda
050 ## - LIBRARY OF CONGRESS CALL NUMBER
Classification number PS 3603.L4987 D33
100 ## - MAIN ENTRY--PERSONAL NAME
Personal name Cliford, Joe
245 ## - TITLE STATEMENT
Title December boys
Statement of responsibility, etc / by Joe Cliford
260 ## - PUBLICATION, DISTRIBUTION, ETC. (IMPRINT)
Name of publisher, distributor, etc Oceanview Publishing :
Date of publication, distribution, etc 2016
Place of publication, distribution, etc Florida :
300 ## - PHYSICAL DESCRIPTION
Extent 271 pages
336 ## - CONTENT TYPE
Source rdacontent
Content type term Text |
Content type code txt
337 ## - MEDIA TYPE
Source rdamedia
Media type term Unmediated |
Media type code n
338 ## - CARRIER TYPE
Source rdacarrier
Carrier type term Volume
Carrier type code nc
650 #0 - SUBJECT ADDED ENTRY--TOPICAL TERM
9 (RLIN) 4207
Topical term or geographic name as entry element NEW HAMPSHIRE FICTION
650 #0 - SUBJECT ADDED ENTRY--TOPICAL TERM
9 (RLIN) 4208
Topical term or geographic name as entry element SUSPENSE FICTION
942 ## - ADDED ENTRY ELEMENTS (KOHA)
Source of classification or shelving scheme
Koha item type MONOGRAPH
Holdings
Withdrawn status Lost status Source of classification or shelving scheme Damaged status Not for loan Collection code Permanent Location Current Location Shelving location Date acquired Source of acquisition Full call number Barcode Date last seen Copy number Price effective from Koha item type
          CBU-Lusaka Campus CBU- LUSAKA CAMPUS CBU-MAIN LIBRARY, KITWE. General Stacks 12/11/2024 BOOK AID INTERNATIONAL PS 3603.L4987 D33 752762 12/11/2024 1 12/11/2024 MONOGRAPH